| 000 | 01578nam2a22003011 4500 | ||
|---|---|---|---|
| 001 | v19\rc\2002345 | ||
| 005 | 20251118181311.8 | ||
| 035 | _a(NLR Aleph) 005077735 | ||
| 090 |
_a7163449 _c7163449 |
||
| 100 | _a20080811d1915 u y0rusy50 ca | ||
| 101 | 0 | _arus | |
| 102 | _aRU | ||
| 105 | _aa z ||||| | ||
| 200 | 0 | _aВып. 1 | |
| 210 | _d1915 | ||
| 215 |
_a279 с., 11 л. ил. _cдиагр. |
||
| 461 | 0 |
_1001v19\rc\2002344 _12001#$aОбзор деятельности за 1911-1915 годы$eВып. 1$fОдногодич. для подготовления учителей и учительниц сред. учеб. заведений курсы при Упр. Казан. учеб. окр.$vВып. 1 _97163440 _aКазанский учебный округ. Одногодичные курсы для подготовления учителей и учительниц средних учебных заведений _cКазань _d1915 _fОдногодич. для подготовления учителей и учительниц сред. учеб. заведений курсы при Упр. Казан. учеб. окр. _nЛито-тип. И.Н. Харитонова _oВып. 1 _tОбзор деятельности за 1911-1915 годы _vВып. 1 |
|
| 801 | 0 |
_aRU _bNLR _gpsbo |
|
| 801 | 0 |
_aRU _bRuMoRGB _2psbo |
|
| 801 | 1 |
_aRU _bProSoft-M _2rusmarc |
|
| 852 |
_aNLR _j38.24.4.39 |
||
| 899 |
_aRuMoRGB _jV 160/8 |
||
| 899 |
_aRuMoRGB _jЯ 235/100 |
||
| 899 |
_aRuMoRGB _jЯ 235/106 |
||
| 899 | _aБАН | ||
| 899 | _aНБ МГУ | ||
| 942 | _cBOOK | ||
| 980 | _aNB | ||